Top 500 Baby Girl Names of 2020 (US) - Statistics

General Stats
  • This quiz has been taken 1,232 times
  • The average score is 196 of 500
Answer Stats
Hint Answer % Correct
A Ana
97%
A Anna
91%
E Emma
82%
M Mary
82%
O Olivia
81%
E Eliza
80%
E Elizabeth
77%
E Elle
77%
S Sara
77%
A Abigail
76%
A Ari
76%
E Ella
76%
K Katherine
76%
E Emily
75%
I Isabel
75%
M Maria
75%
A Aria
74%
A Ariah
74%
A Ariyah
74%
A Ava
74%
H Hannah
74%
L Lilly
74%
L Lily
74%
A Alexa
73%
A Amy
73%
J Jessica
73%
R Rose
73%
A Arya
72%
C Charlotte
72%
E Elaina
72%
E Eve
72%
G Grace
72%
J Jennifer
72%
L Laura
72%
R Rachel
72%
A Allie
71%
B Bella
71%
C Chloe
71%
J Julia
71%
K Khloe
71%
L Laila
71%
L Lia
71%
A Amelia
70%
I Isabella
70%
I Izabella
70%
Z Zoe
70%
E Eva
69%
A Alice
68%
A Allison
68%
J Jane
68%
V Victoria
68%
H Hailey
67%
K Kate
67%
S Sofia
67%
S Sophia
67%
A Angel
66%
L Lauren
66%
A Alexandra
65%
M Mia
65%
A Ashley
64%
L Lucy
64%
M Maddison
64%
A Amanda
63%
A Arianna
63%
C Caroline
63%
K Katie
63%
E Ellie
62%
L Lyla
62%
R Rebecca
62%
S Samantha
62%
A Annie
61%
N Natalie
61%
S Sophie
61%
A Addison
60%
D Diana
60%
M Maia
60%
M Mya
60%
N Nora
60%
P Penelope
60%
B Brianna
59%
M Madison
59%
M Molly
59%
S Sarah
59%
A Averie
58%
A Avery
58%
D Danielle
58%
E Evelyn
58%
H Helen
58%
T Taylor
58%
A Ada
57%
A Audrey
57%
C Catherine
57%
D Daisy
57%
K Kimberly
57%
M Melissa
57%
N Nicole
57%
Q Quinn
57%
A Adaline
56%
A Alexis
56%
A Annabelle
56%
G Georgia
56%
J Jade
56%
L Leila
56%
M Maya
56%
M Michelle
56%
O Olive
56%
A Angela
55%
C Charlee
55%
C Charleigh
55%
C Charli
55%
C Charlie
55%
K Kylie
55%
L Lillian
55%
M Madeleine
55%
M Madeline
55%
M Madelyn
55%
M Madelynn
55%
M Madilyn
55%
M Margaret
55%
F Frances
54%
G Gabriella
54%
H Holly
54%
V Violet
54%
A Aaliyah
53%
A Alicia
53%
A Andrea
53%
C Claire
53%
H Hope
53%
J Jasmine
53%
K Kora
53%
M Millie
53%
S Stephanie
53%
W Willow
53%
C Camila
52%
C Camilla
52%
C Cora
52%
H Harper
52%
L Lola
52%
L Luna
52%
R Riley
52%
R Rylee
52%
R Ryleigh
52%
R Rylie
52%
V Veronica
52%
A Ariana
51%
E Eleanor
51%
F Faith
51%
F Fiona
51%
G Gabrielle
51%
G Gracie
51%
K Kayla
51%
A Alyssa
50%
A Aubree
50%
A Aubrey
50%
B Brooke
50%
C Clara
50%
D Daniella
50%
G Gia
50%
I Ivy
50%
J Jordan
50%
J Jordyn
50%
J Josephine
50%
J June
50%
M Melanie
50%
Z Zara
50%
A Angelina
49%
B Brooklyn
49%
B Brooklynn
49%
E Elena
49%
I Isla
49%
L Leah
49%
N Natalia
49%
R Rosie
49%
R Ruth
49%
V Vanessa
49%
V Vivian
49%
B Bailey
48%
C Cali
48%
C Callie
48%
L Lana
48%
L Layla
48%
R Ruby
48%
J Joanna
47%
M Mila
47%
P Phoebe
47%
A Ariel
46%
E Esther
46%
J Josie
46%
J Juliet
46%
J Juliette
46%
K Kendall
46%
N Nina
46%
V Valerie
46%
A Alana
45%
C Carolina
45%
G Gianna
45%
I Iris
45%
L Lena
45%
L Lila
45%
A Alexandria
44%
A Autumn
44%
H Hallie
44%
J Julianna
44%
N Naomi
44%
A Aurora
43%
J Joy
43%
L Lydia
43%
M Mackenzie
43%
M Maggie
43%
M Mckenzie
43%
S Sadie
43%
S Selena
43%
S Stella
43%
A Adeline
42%
A Alison
42%
C Camille
42%
E Evie
42%
K Kaitlyn
42%
M Makayla
42%
S Savannah
42%
S Serena
42%
S Sienna
42%
S Summer
42%
E Elise
41%
H Hazel
41%
K Kamryn
41%
M Mira
41%
P Paige
41%
P Payton
41%
P Peyton
41%
S Scarlet
41%
K Keira
40%
K Kira
40%
P Paislee
40%
P Paisley
40%
P Poppy
40%
A Adelaide
39%
E Everly
39%
F Francesca
39%
J Jacqueline
39%
K Kaylee
39%
K Kayleigh
39%
M Morgan
39%
V Vera
39%
A Adriana
38%
D Danna
38%
D Destiny
38%
F Freya
38%
N Nia
38%
A Addilyn
37%
A Athena
37%
B Bianca
37%
E Elsie
37%
L Lilliana
37%
M Melody
37%
O Ophelia
37%
P Paris
37%
A Adalyn
36%
A Adalynn
36%
A Adelynn
36%
C Carmen
36%
G Gemma
36%
S Sabrina
36%
A Anastasia
35%
C Cassidy
35%
E Edith
35%
K Kennedy
35%
L Lucia
35%
P Piper
35%
S Skylar
35%
S Skyler
35%
S Sydney
35%
W Willa
35%
B Brielle
34%
C Cameron
34%
E Elliana
34%
E Eloise
34%
H Harley
34%
H Heidi
34%
L Lexi
34%
L Londyn
34%
L Lucille
34%
M Maci
34%
N Noelle
34%
R Rosalie
34%
T Tessa
34%
V Valeria
34%
A Ariella
33%
B Blake
33%
C Cecilia
33%
E Eden
33%
E Emerson
33%
E Emersyn
33%
E Esme
33%
L Liliana
33%
L London
33%
N Nadia
33%
E Emilia
32%
E Evangeline
32%
F Felicity
32%
J Juliana
32%
M Maisie
32%
N Nova
32%
A Alina
31%
A Arabella
31%
D Dahlia
31%
D Daphne
31%
D Delilah
31%
E Eliana
31%
E Elianna
31%
J Jocelyn
31%
R Ryan
31%
T Talia
31%
Z Zoey
31%
A Adelyn
30%
A Amaya
30%
A Amiyah
30%
A Ayla
30%
G Genevieve
30%
G Gracelyn
30%
H Harmony
30%
H Heaven
30%
I Isabelle
30%
M Mariah
30%
D Dakota
29%
M Maeve
29%
M Makenzie
29%
M Margot
29%
M Marlee
29%
M Marley
29%
P Parker
29%
E Emory
28%
F Fatima
28%
K Kenzie
28%
M Mabel
28%
M Matilda
28%
M Miriam
28%
N Nevaeh
28%
R Reese
28%
V Valentina
28%
A Amara
27%
B Blair
27%
G Gwendolyn
27%
H Hadley
27%
J Juniper
27%
K Kali
27%
K Kyla
27%
R Reagan
27%
R River
27%
R Rosemary
27%
B Brynn
26%
G Genesis
26%
H Harlow
26%
H Hayden
26%
K Kamila
26%
K Kinsley
26%
M Maren
26%
M Mckenna
26%
R Rowan
26%
A Amira
25%
B Briella
25%
H Haven
25%
M Mariana
25%
S Sage
25%
S Serenity
25%
C Celeste
24%
F Finley
24%
K Kiara
24%
L Liana
24%
P Presley
24%
R Remi
24%
R Remy
24%
T Thea
24%
T Trinity
24%
B Brinley
23%
B Brynlee
23%
D Dylan
23%
E Ember
23%
E Emery
23%
G Giselle
23%
H Hattie
23%
L Logan
23%
M Malia
23%
M Maliyah
23%
R Raven
23%
W Winter
23%
W Wynter
23%
A Ainsley
22%
A Alaina
22%
A Alayna
22%
A Amina
22%
B Blakely
22%
J Jayla
22%
S Sloane
22%
X Ximena
22%
D Delaney
21%
D Demi
21%
N Nyla
21%
S Skye
21%
Z Zuri
21%
A Anaya
20%
A Aniyah
20%
K Kaia
20%
L Leilani
20%
L Luciana
20%
L Lyric
20%
N Noa
20%
O Octavia
20%
R Raelyn
20%
R Regina
20%
R Rory
20%
T Teagan
20%
W Wren
20%
A Aspen
19%
A Astrid
19%
C Catalina
19%
D Daniela
19%
J Jolene
19%
J Journee
19%
J Journey
19%
L Leia
19%
O Oakley
19%
A Amari
18%
A Annalise
18%
A Arielle
18%
C Celine
18%
L Leona
18%
M Myla
18%
N Norah
18%
A Alessandra
17%
K Kinley
17%
P Phoenix
17%
S Sawyer
17%
A Alivia
16%
A Azalea
16%
G Gabriela
16%
T Tatum
16%
V Vivienne
16%
A Aliyah
15%
L Leighton
15%
S Samara
15%
C Camryn
14%
E Everlee
14%
E Everleigh
14%
K Kailani
14%
K Kalani
14%
K Kaylani
14%
K Kehlani
14%
L Lilith
14%
S Scarlett
14%
A Alani
13%
A Alaya
13%
B Bristol
13%
R Reign
13%
A Avianna
12%
A Aylin
12%
E Elliot
12%
M Makenna
12%
M Miracle
12%
S Sarai
12%
S Shiloh
12%
S Stevie
12%
C Cataleya
11%
E Emelia
11%
L Lainey
11%
L Lennon
11%
R Remington
11%
S Saylor
11%
S Selah
11%
A Alaia
10%
D Daleyza
10%
D Dream
10%
E Esmerelda
10%
E Evelynn
10%
L Lilah
10%
M Magnolia
10%
M Milani
10%
O Oaklynn
10%
A Amora
9%
A Armani
9%
B Braelynn
9%
G Gracelynn
9%
N Nayeli
9%
P Palmer
9%
R Raegan
9%
S Sutton
9%
M Meadow
8%
C Collins
7%
D Dior
7%
N Nylah
7%
R Raelynn
7%
R Royalty
7%
Z Zariah
7%
A Aitana
6%
H Haisley
6%
K Kensley
5%
L Legacy
5%
A Alayah
4%
M Malani
4%
V Vivana
4%
No matching quizzes found
Score Distribution
Percent of People with Each Score
Percentile by Number Answered
Your Score History
You have not taken this quiz